=LDR 00000nam 2200000 4500 =001 INLIS000000000040840 =005 20130612150410 =008 ***********************************ind** =035 ##$$a0010-061300000040840 =041 ##$$a ind =082 ##$$a 813 =090 ##$$a 813, Rob p =100 ##$$a Robb, JD =245 ##$$a Penghianatan dalam kematian/ JD. Robb =260 ##$$a 2011 $b Jakarta =300 ##$$a 501 hlm., 18 cm =650 ##$$a Fiksi =850 ##$$a NBPNMAT =990 ##$$a 0001/BPAP-NTB/20142014